Auteurs Célèbres par Pays - Statistiques

Statistiques générales
  • Ce quiz a été pris 189 fois
  • Le résultat moyen est 10 sur 12
Statistiques - réponses
Auteur Livre Pays % Correct
Victor Hugo Les Misérables France
100%
William Shakespeare Hamlet Royaume-Uni
100%
Miguel de Cervantes Don Quichotte Espagne
97%
Homer L’Odyssée Grèce
96%
Léon Tolstoï Guerre et Paix Russie
95%
Lu Xun Le Journal d’un Fou Chine
92%
Karl Marx Manifeste Communiste Allemagne
91%
Mark Twain Les Adventures de Tom Sawyer États-Unis
90%
Nicolas Machiavel Le Prince Italie
81%
Gabriel García Márquez Cent Ans de Solitude Colombie
61%
Carlos Fuentes La Mort d’Artemio Cruz Mexique
57%
Malala Yousafzai Malala Pakistan
45%
Aucun quiz correspondant
Distribution des résultats
% des personnes avec chaque résultat
Percentile par nombre de réponses
Votre historique - résultats
Vous n’avez pas pris ce quiz